| 000 | 00655nam a2200181 i 4500 | ||
|---|---|---|---|
| 001 | 180672 | ||
| 003 | ES-MaACL | ||
| 005 | 20230906221147.0 | ||
| 008 | 120620s1886 fr |||| | fre d | ||
| 245 | 0 | 0 |
_aNotice sur la Station Zoologique d'Arcachon / _cStation Zoologique d'Arcachon. |
| 260 |
_aArcachon : [s.n.], _c1886 ( _fImprimerie nouvelle G. Talon) |
||
| 300 |
_a21 p., [1] h. de lám. ; _c23 cm. |
||
| 594 | _aPrecede al tít.: Société Scientifique d'Arcachon. | ||
| 610 | 2 | 4 |
_aStation Zoologique d'Arcachon. _9150704 |
| 710 | 2 |
_aSociété Scientifique d'Arcachon. _9150703 |
|
| 852 |
_aES-MaACL _jT-461-F-10 |
||
| 852 |
_aES-MaACL _jT-669-F-5 |
||
| 999 |
_c180672 _d180672 |
||